000 00691nam a2200289Ia 4500
005 20260324121012.0
008 008 260324s9999 xx 000 0 eng d
020 _a9780203725313
037 _aEBOOK
040 _aCRL
040 _beng
040 _cCRL
041 _2eng
041 _aeng
084 _qCRL
100 _aHarry Smith; Nicola Dempsey; Mel Burton
_91160807
245 0 _aPlace-Keeping
245 0 _bOpen Space Management in Practice
260 _bTaylor and Francis
260 _c2014
365 _a
365 _b300
856 _uhttp://www.taylorfrancis.com/books/9780203725313
942 _cEBOOK
999 _c1752641
_d1752641